Missing Word: The Dark Knight Rises Quiz Stats

 Plays Quiz Updated Aug 10, 2012

Support Sporcle.
Go Orange.
Score 0/16 Timer 04:00
1 Play Today
Hint Answer % Correct
Joseph Gordon-LevittThings
98.4%
Anne HathawayWonderland
98.2%
Anne HathawayDevil
97.5%
Anne HathawayMountain
96.2%
Joseph Gordon-LevittDays
93.2%
Christian BaleAmerican
89.9%
Tom HardyMarie
87.1%
Anne HathawayPrincess
85.2%
Hint Answer % Correct
Tom HardyPunch
78%
Christian BaleYuma
76.5%
Tom HardySpy
70.9%
Christian BaleSun
64.6%
Joseph Gordon-LevittCobra
61.5%
Tom HardyMeans
57.6%
Christian BaleSalvation
51%
Joseph Gordon-LevittSkin
9.6%

Today's Daily Dose

Word Ladder
ING Words

Get the Picture
Nearest Volcano

From the Vault

US States in Central Timezone

by Roxelana

These states are in the middle of it all.
Remove Ads.
Support Sporcle.
Get the best of Sporcle when you Go Orange. This ad-free experience offers more features, more stats, and more fun while also helping to support Sporcle. Thank you for becoming a member.

Show Comments

Extras

Top Quizzes Today


Score Distribution

Your Account Isn't Verified!

In order to create a playlist on Sporcle, you need to verify the email address you used during registration. Go to your Sporcle Settings to finish the process.

Report this User

Report this user for behavior that violates our Community Guidelines.

Details: